[Event "DLM 2011"]
[Site "Xanten GER"]
[Date "2011.11.01"]
[Round "3"]
[White "Hahn, Markus"]
[Black "Dann, Matthias"]
[Result "0-1"]
[Termination "normal"]
[Board "1.1"]
[BlackTitle "FM"]
[WhiteElo "2167"]
[BlackElo "2379"]
[WhiteTeam "Hessen"]
[BlackTeam "Rheinland-Pfalz"]
[PlyCount "116"]
[WhiteFideId "24654647"]
[BlackFideId "24638056"]
[EventCountry "GER"]
[EventRounds "7"]
[EventType "team-swiss"]
[EventDate "2011.10.30"]

1. d4 Nf6 2. c4 g6 3. Nf3 Bg7 4. Nc3 O-O 5. e4 c6 6. h3 d5 7. exd5 cxd5 8. Bg5
Nbd7 9. Be2 Ne4 10. Be3 Nxc3 11. bxc3 dxc4 12. Bxc4 Qc7 13. Nd2 Nb6 14. Bb3
Qxc3 15. Rc1 Qd3 16. Qe2 Qxe2+ 17. Kxe2 Bd7 18. Rc5 e6 19. Rhc1 Bc6 20. g4 a5
21. Nc4 Nxc4 22. Bxc4 Rfd8 23. Bb5 Bf8 24. Bxc6 Bxc5 25. Bxb7 Ba3 26. Rb1 Rab8
27. Rb5 Rd7 28. Rxa5 Bb4 29. Bc6 Bxa5 30. Bxd7 Rb2+ 31. Kf3 Rxa2 32. d5 exd5
33. Bc6 Bd2 34. Bxd5 Ra3 35. g5 Kg7 36. h4 f6 37. gxf6+ Kxf6 38. h5 g5 39. Be4
h6 40. Bg6 Ke5 41. Bh7 Bxe3 42. fxe3 Ra6 43. Bd3 Rf6+ 44. Kg3 Kd6 45. Kg4 Kc5
46. Kg3 Kb4 47. Kg4 Kc3 48. Bf5 Rf7 49. Bb1 Kd2 50. e4 Rf4+ 51. Kg3 Rf1 52. Ba2
Ke3 53. e5 Rg1+ 54. Kh2 Ra1 55. Bf7 Kf3 56. Bd5+ Kf4 57. e6 Re1 58. Kg2 g4 0-1

[Event "DLM 2011"]
[Site "Xanten GER"]
[Date "2011.11.01"]
[Round "3"]
[White "Grünter, Martin"]
[Black "Hahn, Florian"]
[Result "1-0"]
[Termination "normal"]
[Board "1.2"]
[WhiteElo "2242"]
[BlackElo "2028"]
[WhiteTeam "Rheinland-Pfalz"]
[BlackTeam "Hessen"]
[PlyCount "78"]
[WhiteFideId "24640352"]
[BlackFideId "24659720"]
[EventCountry "GER"]
[EventRounds "7"]
[EventType "team-swiss"]
[EventDate "2011.10.30"]

1. e4 c5 2. c3 Nf6 3. e5 Nd5 4. d4 cxd4 5. Nf3 e6 6. cxd4 d6 7. Bc4 Nb6 8. Bd3
dxe5 9. dxe5 N8d7 10. Bg5 Be7 11. Bxe7 Qxe7 12. Nc3 Nc5 13. Bc2 Bd7 14. O-O Bc6
15. Nd4 Rd8 16. Qg4 O-O 17. Nxc6 bxc6 18. Ne4 Nxe4 19. Qxe4 g6 20. Rfd1 Nd5 21.
Bb3 Rb8 22. Rac1 Rb6 23. Rc4 Rd8 24. Rdc1 Qb7 25. h4 h5 26. Rd4 Qb8 27. Qe2 Ne7
28. Rf4 Nd5 29. Rd4 Ne7 30. Rf4 Nd5 31. Rfc4 Qb7 32. Qd2 Qb8 33. Qg5 Rc8 34. g4
hxg4 35. h5 Kh7 36. hxg6+ fxg6 37. Rxg4 Rg8 38. Bxd5 Qf8 39. Bxe6 Rxb2 1-0

[Event "DLM 2011"]
[Site "Xanten GER"]
[Date "2011.11.01"]
[Round "3"]
[White "Höpfner, Tim"]
[Black "Carow, Johannes"]
[Result "1-0"]
[Termination "normal"]
[Board "1.3"]
[WhiteElo "1967"]
[BlackElo "2172"]
[WhiteTeam "Hessen"]
[BlackTeam "Rheinland-Pfalz"]
[PlyCount "71"]
[WhiteFideId "4638310"]
[BlackFideId "24692050"]
[EventCountry "GER"]
[EventRounds "7"]
[EventType "team-swiss"]
[EventDate "2011.10.30"]

1. d4 Nf6 2. c4 c5 3. d5 b5 4. Nf3 g6 5. Nfd2 bxc4 6. Nc3 d6 7. e4 Bg7 8. Bxc4
O-O 9. O-O Nbd7 10. Be2 Rb8 11. a4 a6 12. a5 Ne8 13. Nc4 Nc7 14. f4 Nb5 15. Qd3
Nd4 16. Be3 Rb4 17. Bd1 f5 18. Ra4 Rb8 19. Kh1 fxe4 20. Nxe4 Nf5 21. Bc1 Qc7
22. Re1 Rb5 23. g4 Nd4 24. Nc3 Nf6 25. Nb6 Bxg4 26. Nxb5 axb5 27. Rxd4 cxd4 28.
Bxg4 Nxg4 29. Qxb5 d3 30. Qc6 Qa7 31. b4 Bd4 32. Nc8 Qb8 33. Nxe7+ Kh8 34. b5
Qa7 35. Qxd6 Bc5 36. Bb2+ 1-0

[Event "DLM 2011"]
[Site "Xanten GER"]
[Date "2011.11.01"]
[Round "3"]
[White "Yankelevich, Lev"]
[Black "Keller, Peter"]
[Result "1-0"]
[Termination "normal"]
[Board "1.4"]
[WhiteElo "2072"]
[BlackElo "1957"]
[WhiteTeam "Rheinland-Pfalz"]
[BlackTeam "Hessen"]
[PlyCount "55"]
[WhiteFideId "24684074"]
[BlackFideId "1272105"]
[EventCountry "GER"]
[EventRounds "7"]
[EventType "team-swiss"]
[EventDate "2011.10.30"]

1. e4 e5 2. Nf3 Nc6 3. Bb5 a6 4. Ba4 Nf6 5. d3 b5 6. Bb3 Be7 7. O-O d6 8. c3
O-O 9. Re1 Na5 10. Bc2 c5 11. Nbd2 Nd7 12. d4 cxd4 13. cxd4 exd4 14. Nxd4 Ne5
15. Nf1 Nac4 16. b3 Nb6 17. f4 Ng6 18. Nc6 Qc7 19. Nxe7+ Qxe7 20. g3 Rd8 21.
Ne3 Bb7 22. Bb2 d5 23. Qd4 Qf6 24. e5 Qc6 25. f5 Ne7 26. f6 Ng6 27. Rac1 Nc4
28. e6 1-0

[Event "DLM 2011"]
[Site "Xanten GER"]
[Date "2011.11.01"]
[Round "3"]
[White "Schmalhorst, Sophia"]
[Black "Bauer, Björn-Benny"]
[Result "0-1"]
[Termination "normal"]
[Board "1.5"]
[BlackTitle "Nr6"]
[WhiteElo "1879"]
[BlackElo "1922"]
[WhiteTeam "Hessen"]
[BlackTeam "Rheinland-Pfalz"]
[PlyCount "88"]
[WhiteFideId "24682497"]
[BlackFideId "24698741"]
[EventCountry "GER"]
[EventRounds "7"]
[EventType "team-swiss"]
[EventDate "2011.10.30"]

1. e4 c5 2. Nf3 Nc6 3. d4 cxd4 4. Nxd4 Nf6 5. Nc3 e5 6. Ndb5 d6 7. Bg5 a6 8.
Na3 b5 9. Nd5 Be7 10. Bxf6 Bxf6 11. c3 Bg5 12. Nc2 Ne7 13. Nxe7 Qxe7 14. Nb4
O-O 15. a4 bxa4 16. Rxa4 a5 17. Nd5 Qb7 18. b3 Bd7 19. Ra2 Kh8 20. Bc4 f5 21.
exf5 Bxf5 22. O-O Qc6 23. Qe2 Be6 24. Rd1 Bh4 25. Qh5 Bd8 26. Bd3 Bg8 27. Be4
Qd7 28. Rad2 Rb8 29. Ne3 Bc7 30. Nc4 Qe7 31. Nxd6 Bxd6 32. Rxd6 Rxb3 33. R6d3
Qc5 34. Bf3 Rxc3 35. Rxc3 Qxc3 36. Qg5 a4 37. Qe7 Rb8 38. Qa7 Qb4 39. h3 a3 40.
Bd5 Rd8 41. Ra1 Rxd5 42. Rxa3 Qf4 43. Ra1 h6 44. Qc7 Rd2 0-1

[Event "DLM 2011"]
[Site "Xanten GER"]
[Date "2011.11.01"]
[Round "3"]
[White "Schwarz, Larissa"]
[Black "Sancar, Alina"]
[Result "1-0"]
[Termination "normal"]
[Board "1.6"]
[WhiteElo "1807"]
[BlackElo "1816"]
[WhiteTeam "Rheinland-Pfalz"]
[BlackTeam "Hessen"]
[PlyCount "53"]
[WhiteFideId "24699004"]
[BlackFideId "4624750"]
[EventCountry "GER"]
[EventRounds "7"]
[EventType "team-swiss"]
[EventDate "2011.10.30"]

1. e4 g6 2. Nf3 Bg7 3. c4 d6 4. Nc3 Nd7 5. d4 c5 6. Be3 cxd4 7. Nxd4 Ngf6 8.
Be2 Nc5 9. f3 Bd7 10. O-O O-O 11. Qd2 a6 12. Rfd1 Rc8 13. Rac1 Qc7 14. Nd5 Nxd5
15. cxd5 Qb8 16. Rc2 b5 17. b4 Na4 18. Rdc1 Rxc2 19. Rxc2 Rc8 20. Qc1 Nb6 21.
Nc6 Bxc6 22. Rxc6 Rxc6 23. Qxc6 Nc4 24. Bxc4 bxc4 25. Qxc4 Bb2 26. a4 Kg7 27.
b5 1-0

[Event "DLM 2011"]
[Site "Xanten GER"]
[Date "2011.11.01"]
[Round "3"]
[White "Graf, Clara Victoria"]
[Black "Röhlich, Anna"]
[Result "1-0"]
[Termination "normal"]
[Board "1.7"]
[WhiteElo "1701"]
[BlackElo "1526"]
[WhiteTeam "Hessen"]
[BlackTeam "Rheinland-Pfalz"]
[PlyCount "111"]
[WhiteFideId "1270339"]
[EventCountry "GER"]
[EventRounds "7"]
[EventType "team-swiss"]
[EventDate "2011.10.30"]

1. e4 c5 2. Nf3 Nc6 3. Bb5 g6 4. Bxc6 bxc6 5. O-O Bg7 6. Re1 d6 7. c3 Nf6 8. d4
cxd4 9. cxd4 O-O 10. Nc3 a5 11. b3 Ba6 12. Bb2 Rb8 13. Qd2 Qd7 14. h3 Rfc8 15.
Na4 Qd8 16. Rac1 Bb5 17. Nc3 Ba6 18. Ba3 Bf8 19. Na4 Bb5 20. Nb2 Ra8 21. Qc2
Qd7 22. Rcd1 Qb7 23. Nd2 e6 24. e5 dxe5 25. Bxf8 Kxf8 26. Qc5+ Kg8 27. dxe5 Nd5
28. Ne4 Qe7 29. Nf6+ Kg7 30. Qxe7 Nxe7 31. Nd3 Nd5 32. Ne4 Rd8 33. a3 f6 34.
exf6+ Nxf6 35. Nxf6 Kxf6 36. Nc5 Rxd1 37. Rxd1 a4 38. b4 Ra7 39. f3 Rc7 40. Kf2
Re7 41. Ke3 h5 42. Ne4+ Ke5 43. f4+ Kf5 44. Rc1 Rd7 45. Rc5+ Rd5 46. Rxd5+ exd5
47. Nd6+ Ke6 48. Nxb5 cxb5 49. g4 Ke7 50. Kd4 Kd6 51. gxh5 gxh5 52. f5 h4 53.
f6 Ke6 54. f7 Kxf7 55. Kxd5 Kf6 56. Kc5 1-0

[Event "DLM 2011"]
[Site "Xanten GER"]
[Date "2011.11.01"]
[Round "3"]
[White "Sanati, Charlotte"]
[Black "Peter, Anton"]
[Result "1/2-1/2"]
[Termination "normal"]
[Board "1.8"]
[WhiteElo "1421"]
[BlackElo "1726"]
[WhiteTeam "Rheinland-Pfalz"]
[BlackTeam "Hessen"]
[PlyCount "78"]
[WhiteFideId "12907707"]
[BlackFideId "12901660"]
[EventCountry "GER"]
[EventRounds "7"]
[EventType "team-swiss"]
[EventDate "2011.10.30"]

1. c4 e5 2. Nc3 Nf6 3. g3 Bc5 4. e3 Nc6 5. Bg2 O-O 6. Nge2 d6 7. O-O Bg4 8. h3
Bh5 9. a3 a5 10. Qe1 Bg6 11. e4 Nd4 12. Nxd4 Bxd4 13. Nb5 Bc5 14. d3 Nd7 15. g4
c6 16. Nc3 f6 17. Kh1 Bd4 18. f4 exf4 19. Bxf4 Ne5 20. Qd2 Qb6 21. Rab1 Qb3 22.
Bxe5 fxe5 23. Rxf8+ Rxf8 24. Rf1 Rxf1+ 25. Bxf1 h6 26. Be2 Bxc3 27. Qxc3 Qxc3
28. bxc3 c5 29. Bd1 Be8 30. Kg2 g6 31. Kg3 Kg7 32. h4 h5 33. g5 Kf7 34. Kf3 Bd7
35. Bc2 Bg4+ 36. Ke3 Ke7 37. Ba4 Kd8 38. Kd2 Ke7 39. Ke3 Kd8 1/2-1/2

[Event "DLM 2011"]
[Site "Xanten GER"]
[Date "2011.11.01"]
[Round "3"]
[White "Kahleys, Kevin"]
[Black "Wenninger, Philipp"]
[Result "1-0"]
[Termination "normal"]
[Board "2.2"]
[WhiteElo "2157"]
[BlackElo "2143"]
[WhiteTeam "Nordrhein-Westfalen 1"]
[BlackTeam "Württemberg"]
[PlyCount "101"]
[WhiteFideId "24669601"]
[BlackFideId "4648404"]
[EventCountry "GER"]
[EventRounds "7"]
[EventType "team-swiss"]
[EventDate "2011.10.30"]

1. Nf3 Nf6 2. c4 e6 3. g3 d5 4. d4 dxc4 5. Qa4+ c6 6. Qxc4 b5 7. Qc2 Bb7 8. Bg2
Nbd7 9. O-O c5 10. Rd1 Rc8 11. Bg5 Be7 12. Qd2 O-O 13. dxc5 Rxc5 14. Nc3 b4 15.
Bxf6 Nxf6 16. Qxd8 Bxd8 17. Na4 Ra5 18. b3 Nd5 19. Nd2 Bf6 20. Rac1 Ba6 21. Nc4
Bxc4 22. Rxc4 Nc3 23. Nxc3 bxc3 24. a4 g6 25. Be4 Ra6 26. Bc2 Rb6 27. Rd7 a6
28. Kf1 Rbb8 29. Ke1 Rbd8 30. Rd3 Rxd3 31. exd3 Rd8 32. Rc6 a5 33. Ke2 Rd5 34.
Rc4 Rd4 35. Ke3 Rxc4 36. bxc4 Kf8 37. c5 e5 38. Ke4 Ke7 39. f4 exf4 40. gxf4
Bg7 41. d4 f5+ 42. Kd3 Bh6 43. Kxc3 Bxf4 44. h3 Kf6 45. Kc4 g5 46. Bd1 Bb8 47.
Kd5 Bg3 48. Kc6 Ke7 49. d5 Bf2 50. d6+ Ke6 51. Bb3+ 1-0

[Event "DLM 2011"]
[Site "Xanten GER"]
[Date "2011.11.01"]
[Round "3"]
[White "Kvetny, Mark"]
[Black "Tran, Duc Cuong"]
[Result "1-0"]
[Termination "normal"]
[Board "2.3"]
[WhiteElo "2125"]
[BlackElo "2034"]
[WhiteTeam "Württemberg"]
[BlackTeam "Nordrhein-Westfalen 1"]
[PlyCount "97"]
[WhiteFideId "24603929"]
[BlackFideId "24689718"]
[EventCountry "GER"]
[EventRounds "7"]
[EventType "team-swiss"]
[EventDate "2011.10.30"]

1. d4 Nf6 2. c4 g6 3. Nc3 Bg7 4. e4 O-O 5. Be2 c6 6. Be3 d5 7. e5 Ne4 8. Qb3
Nxc3 9. bxc3 dxc4 10. Bxc4 b5 11. Bd3 Be6 12. Qc2 Bd5 13. Nf3 Nd7 14. Be4 Nb6
15. Nd2 Bxe4 16. Nxe4 Qd5 17. O-O a5 18. Rfc1 a4 19. Nd2 Nc4 20. Qd3 Bxe5 21.
Nxc4 bxc4 22. Qe2 Bd6 23. Rab1 Rfb8 24. Qc2 Rb5 25. Bd2 Rab8 26. Re1 Qf5 27.
Qxf5 gxf5 28. Rxb5 Rxb5 29. Ra1 Rb2 30. Be1 f6 31. f3 Rc2 32. Rb1 Rxa2 33. Rb6
c5 34. d5 Kf7 35. Bg3 f4 36. Be1 Kg6 37. g4 fxg3 38. Bxg3 Bxg3 39. hxg3 a3 40.
Ra6 Kf5 41. Ra7 h5 42. Kf1 Kg5 43. Ke1 Rg2 44. Rxa3 Rxg3 45. Ke2 h4 46. Ra7 Kf4
47. Rxe7 h3 48. Rh7 Rxf3 49. Rh4+ 1-0

[Event "DLM 2011"]
[Site "Xanten GER"]
[Date "2011.11.01"]
[Round "3"]
[White "Schäfer, Daniela"]
[Black "Meyers, Mark"]
[Result "1-0"]
[Termination "normal"]
[Board "2.5"]
[WhiteElo "1927"]
[BlackElo "1808"]
[WhiteTeam "Württemberg"]
[BlackTeam "Nordrhein-Westfalen 1"]
[PlyCount "117"]
[WhiteFideId "4624769"]
[BlackFideId "12927716"]
[EventCountry "GER"]
[EventRounds "7"]
[EventType "team-swiss"]
[EventDate "2011.10.30"]

1. e4 c5 2. Nf3 e6 3. d3 Nc6 4. g3 Nf6 5. Bg2 d5 6. Nbd2 Be7 7. O-O O-O 8. Re1
Rb8 9. e5 Nd7 10. Nf1 b5 11. h4 Bb7 12. N1h2 d4 13. Ng4 Qc7 14. Qe2 Nb6 15. h5
c4 16. h6 g6 17. Bg5 Qd8 18. Bxe7 Nxe7 19. Nf6+ Kh8 20. Ng5 Ng8 21. Nfxh7 Nxh6
22. Bxb7 Rxb7 23. Qd2 Nd5 24. Nxf8 c3 25. bxc3 dxc3 26. Qc1 Qxf8 27. Kg2 Kg8
28. Rh1 Ng4 29. d4 Qb4 30. Nf3 Qc4 31. Qe1 Qc6 32. Rh4 f5 33. Qh1 Rg7 34. Rh8+
Kf7 35. Rh7 Kg8 36. Rxg7+ Kxg7 37. Kg1 Qe8 38. Ng5 Qg8 39. Rb1 a6 40. Rb3 Nh6
41. Rb1 Qe8 42. Rb3 $11 a5 43. a3 b4 44. axb4 axb4 45. Rb1 Qe7 46. Qh4 Nb6 47.
Nf3 Qa7 48. Qf6+ Kh7 49. Ng5+ Kg8 50. Qxg6+ Qg7 51. Qxe6+ Kh8 52. Qxh6+ Qxh6
53. Nf7+ Kg7 54. Nxh6 Kxh6 55. Rxb4 Nd5 56. Rc4 f4 57. e6 f3 58. Rc5 Nf6 59. e7
1-0

[Event "DLM 2011"]
[Site "Xanten GER"]
[Date "2011.11.01"]
[Round "3"]
[White "Kuckling, Hannah"]
[Black "Zeller, Elisa"]
[Result "1/2-1/2"]
[Termination "normal"]
[Board "2.6"]
[WhiteElo "1782"]
[BlackElo "1778"]
[WhiteTeam "Nordrhein-Westfalen 1"]
[BlackTeam "Württemberg"]
[PlyCount "80"]
[WhiteFideId "24603660"]
[BlackFideId "24662410"]
[EventCountry "GER"]
[EventRounds "7"]
[EventType "team-swiss"]
[EventDate "2011.10.30"]

1. e4 c5 2. Nc3 d6 3. Bb5+ Bd7 4. Bxd7+ Qxd7 5. d3 Nf6 6. f4 Nc6 7. Nf3 e6 8.
O-O Be7 9. f5 exf5 10. Nh4 Nxe4 11. Nxf5 Nxc3 12. bxc3 Bf6 13. d4 O-O-O 14. Be3
Ne7 15. Nxe7+ Qxe7 16. Qf3 Rhe8 17. Bf2 cxd4 18. cxd4 Qe4 19. Qc3+ Kb8 20. Rae1
Qc6 21. Qb3 d5 22. Bg3+ Ka8 23. Be5 Bxe5 24. dxe5 f6 25. exf6 Rxe1 26. Rxe1
Qxf6 27. Rf1 Qd4+ 28. Kh1 Qc4 29. Qb1 d4 30. h3 a6 31. Rd1 Rc8 32. Qb2 Rd8 33.
Qb6 Qd5 34. Rd3 Qd6 35. Qb2 Qf6 36. Rd1 Qf2 37. Qb6 Qf6 38. Qb2 Qe5 39. Qb6 Rd6
40. Qc7 Re6 1/2-1/2

[Event "DLM 2011"]
[Site "Xanten GER"]
[Date "2011.11.01"]
[Round "3"]
[White "Rausch, Adrian"]
[Black "Gordeeva, Vitalia"]
[Result "1-0"]
[Termination "normal"]
[Board "2.7"]
[WhiteElo "1667"]
[BlackElo "1715"]
[WhiteTeam "Württemberg"]
[BlackTeam "Nordrhein-Westfalen 1"]
[PlyCount "57"]
[WhiteFideId "12929069"]
[BlackFideId "24688053"]
[EventCountry "GER"]
[EventRounds "7"]
[EventType "team-swiss"]
[EventDate "2011.10.30"]

1. d4 d5 2. c4 e6 3. Nc3 Nf6 4. cxd5 exd5 5. Bg5 Be7 6. e3 O-O 7. Bd3 b6 8. Qc2
h6 9. Bh4 Bb7 10. Nf3 Nbd7 11. h3 a6 12. g4 Ne4 13. Bxe7 Qxe7 14. Bxe4 dxe4 15.
Nd2 Rfd8 16. O-O-O Nf6 17. Rdg1 Nd7 18. g5 h5 19. g6 Nf6 20. Rg2 Rf8 21. Rhg1
Rac8 22. Nc4 Nd7 23. Qd1 fxg6 24. Rxg6 Nf6 25. Ne5 c5 26. Rxg7+ Qxg7 27. Rxg7+
Kxg7 28. Qg1+ Kh7 29. Qg6+ 1-0

[Event "DLM 2011"]
[Site "Xanten GER"]
[Date "2011.11.01"]
[Round "3"]
[White "Sherif, Amina"]
[Black "Lederer, Leia"]
[Result "0-1"]
[Termination "normal"]
[Board "2.8"]
[WhiteElo "1509"]
[BlackElo "1160"]
[WhiteTeam "Nordrhein-Westfalen 1"]
[BlackTeam "Württemberg"]
[PlyCount "76"]
[WhiteFideId "12911690"]
[BlackFideId "12926353"]
[EventCountry "GER"]
[EventRounds "7"]
[EventType "team-swiss"]
[EventDate "2011.10.30"]

1. e4 e5 2. Nf3 Nc6 3. Bb5 a6 4. Ba4 Nf6 5. O-O b5 6. Bb3 Bc5 7. Nxe5 Nxe5 8.
d4 Bxd4 9. Qxd4 d6 10. Bg5 c5 11. Bxf6 Qxf6 12. Qd5 O-O 13. Qxa8 c4 14. Bxc4
bxc4 15. Nd2 Qh6 16. Qd5 Re8 17. Qd4 Re6 18. Qe3 Qh5 19. h3 Rg6 20. Kh1 h6 21.
Rae1 Rg4 22. Rg1 Rh4 23. f4 Bxh3 24. gxh3 Rxh3+ 25. Kg2 Rxe3 26. Rxe3 Ng4 27.
Rh3 Qc5 28. Rf3 Qd4 29. Nf1 Qxe4 30. Kg3 f5 31. Ne3 d5 32. Rgf1 Nxe3 33. Re1 d4
34. c3 Qc2 35. Rf2 Qd3 36. Rf3 Qd2 37. Rg1 Ng4 38. cxd4 Qh2# 0-1

[Event "DLM 2011"]
[Site "Xanten GER"]
[Date "2011.11.01"]
[Round "3"]
[White "Weber, Max"]
[Black "Hirschberg, Valerian"]
[Result "1-0"]
[Termination "normal"]
[Board "3.1"]
[WhiteElo "2026"]
[BlackElo "2225"]
[WhiteTeam "Mecklenburg-Vorpommern"]
[BlackTeam "Baden"]
[PlyCount "63"]
[WhiteFideId "4624831"]
[BlackFideId "24628492"]
[EventCountry "GER"]
[EventRounds "7"]
[EventType "team-swiss"]
[EventDate "2011.10.30"]

1. d4 d5 2. c4 dxc4 3. e3 a6 4. Bxc4 e6 5. Nf3 Nf6 6. O-O b5 7. Bd3 Bb7 8. a4
b4 9. Nbd2 c5 10. Nb3 Nbd7 11. Qe2 Be7 12. e4 cxd4 13. Bf4 Nc5 14. Nxc5 Bxc5
15. Rfc1 Nd7 16. Ne5 Rc8 17. Bxa6 Bxa6 18. Qxa6 Nxe5 19. Bxe5 O-O 20. Qb5 Qe7
21. b3 f5 22. exf5 d3 23. Qxd3 Bxf2+ 24. Kxf2 Rcd8 25. Qe3 Rxf5+ 26. Kg1 Qd7
27. Rf1 Rxf1+ 28. Rxf1 Qd3 29. Qxd3 Rxd3 30. a5 Rxb3 31. a6 Ra3 32. Ra1 1-0

[Event "DLM 2011"]
[Site "Xanten GER"]
[Date "2011.11.01"]
[Round "3"]
[White "Noe, Christopher"]
[Black "Schreiber, Kevin"]
[Result "1-0"]
[Termination "normal"]
[Board "3.2"]
[WhiteElo "2067"]
[BlackElo "1819"]
[WhiteTeam "Baden"]
[BlackTeam "Mecklenburg-Vorpommern"]
[PlyCount "97"]
[WhiteFideId "24692018"]
[BlackFideId "24655830"]
[EventCountry "GER"]
[EventRounds "7"]
[EventType "team-swiss"]
[EventDate "2011.10.30"]

1. e4 d5 2. exd5 Qxd5 3. Nc3 Qd6 4. d4 Nf6 5. Bc4 c6 6. Nge2 Bf5 7. O-O e6 8.
Bf4 Qb4 9. Bd3 Bxd3 10. Qxd3 Be7 11. Bc7 Bd8 12. Bxd8 Kxd8 13. Ne4 Nxe4 14.
Qxe4 Nd7 15. Qd3 Qd6 16. Rad1 Kc7 17. c4 Rad8 18. Nc3 Nf6 19. b4 Qxb4 20. Qg3+
Kc8 21. Rb1 Qd6 22. Qxg7 Qxd4 23. Ne2 Qe5 24. Ng3 Rhg8 25. Qh6 Rg6 26. Qc1 h5
27. Qa3 a6 28. c5 h4 29. Qb4 Qc7 30. Qxh4 Rdg8 31. Qd4 Nd5 32. Rb2 Rg4 33. Qd3
Nb4 34. Qc3 Nd5 $11 35. Qa3 a5 36. Rfb1 Nb4 37. Qc3 f5 38. a3 f4 39. axb4 fxg3
40. fxg3 Qg7 41. Qe3 Rxb4 42. Qxe6+ Kb8 43. Rxb4 axb4 44. Qc4 Qg5 45. Qxb4 Qe3+
46. Kh1 Qe7 47. Ra1 Qf6 48. Qf4+ Qxf4 49. gxf4 1-0

[Event "DLM 2011"]
[Site "Xanten GER"]
[Date "2011.11.01"]
[Round "3"]
[White "Ispirjan, Mikael"]
[Black "Frey, Alisa"]
[Result "0-1"]
[Termination "normal"]
[Board "3.3"]
[WhiteElo "1923"]
[BlackElo "2104"]
[WhiteTeam "Mecklenburg-Vorpommern"]
[BlackTeam "Baden"]
[PlyCount "84"]
[WhiteFideId "1271217"]
[BlackFideId "24634662"]
[EventCountry "GER"]
[EventRounds "7"]
[EventType "team-swiss"]
[EventDate "2011.10.30"]

1. e4 c5 2. Nf3 d6 3. d4 cxd4 4. Nxd4 Nf6 5. Nc3 a6 6. Bg5 Nbd7 7. f4 Qa5 8.
Qf3 h6 9. Bh4 e5 10. Nb3 Qc7 11. f5 b5 12. Bd3 Bb7 13. g4 Be7 14. Bf2 b4 15.
Ne2 d5 16. Ng3 Rc8 17. Nd2 Nc5 18. Bxc5 Bxc5 19. O-O-O Be7 20. h4 dxe4 21.
Ngxe4 Nd5 22. g5 Qa5 23. Bc4 Nc3 24. Nd6+ Bxd6 25. Qxb7 O-O 26. Bxf7+ Kh8 27.
gxh6 gxh6 28. Qd7 Qc5 29. Qe6 Rxf7 30. Qxf7 Nxd1 31. Qf6+ Kg8 32. Qg6+ Kf8 33.
f6 Ne3 34. Qg7+ Ke8 35. f7+ Kd8 36. Nc4 Qxc4 37. f8=Q+ Bxf8 38. Qxf8+ Kd7 39.
Qg7+ Kc6 40. Qxh6+ Kb5 41. c3 Qd3 42. a4+ bxa3 0-1

[Event "DLM 2011"]
[Site "Xanten GER"]
[Date "2011.11.01"]
[Round "3"]
[White "Töws, Manuel"]
[Black "Siegert, Gregor"]
[Result "1-0"]
[Termination "normal"]
[Board "3.4"]
[WhiteElo "1988"]
[BlackElo "1761"]
[WhiteTeam "Baden"]
[BlackTeam "Mecklenburg-Vorpommern"]
[PlyCount "59"]
[WhiteFideId "24654485"]
[BlackFideId "1271250"]
[EventCountry "GER"]
[EventRounds "7"]
[EventType "team-swiss"]
[EventDate "2011.10.30"]

1. e4 c5 2. Nf3 e6 3. d4 cxd4 4. Nxd4 a6 5. Nc3 Qc7 6. Bd3 Nf6 7. O-O d6 8. Kh1
b5 9. f4 Bb7 10. a3 Nbd7 11. Bd2 Nc5 12. Qe2 Nfd7 13. Rae1 g6 14. Nd5 Qd8 15.
Bc3 Rg8 16. Nb3 Bg7 17. Ba5 Qc8 18. Nc7+ Ke7 19. Nxc5 dxc5 20. Nxa8 Qxa8 21. c4
Re8 22. f5 Kf8 23. fxg6 hxg6 24. Qf2 Re7 25. Bc7 Ne5 26. Bd6 Qd8 27. Bxe7+ Qxe7
28. Rd1 Nxd3 29. Rxd3 Bd4 30. Rxd4 1-0

[Event "DLM 2011"]
[Site "Xanten GER"]
[Date "2011.11.01"]
[Round "3"]
[White "Riehle, Marco"]
[Black "Schmekel, Florian"]
[Result "1/2-1/2"]
[Termination "normal"]
[Board "3.6"]
[WhiteElo "1753"]
[BlackElo "1551"]
[WhiteTeam "Baden"]
[BlackTeam "Mecklenburg-Vorpommern"]
[PlyCount "117"]
[WhiteFideId "12904392"]
[BlackFideId "12913456"]
[EventCountry "GER"]
[EventRounds "7"]
[EventType "team-swiss"]
[EventDate "2011.10.30"]

1. e4 c5 2. Nf3 Nc6 3. d4 cxd4 4. Nxd4 g6 5. Nc3 Bg7 6. Be3 Nf6 7. f3 O-O 8.
Bc4 Qb6 9. Qd2 Nxe4 10. Nxc6 Qxc6 11. Bd5 Nxd2 12. Bxc6 dxc6 13. Bxd2 Bf5 14.
O-O-O Rad8 15. g4 Be6 16. h4 Rd7 17. Ne4 Rfd8 18. h5 Rd5 19. c4 Rd4 20. h6 Be5
21. Rhe1 Rxc4+ 22. Bc3 Rxd1+ 23. Rxd1 Bd5 24. Nd2 Bf4 25. Kc2 Bxd2 26. Rxd2 Rf4
27. Re2 e6 28. g5 Kf8 29. a3 Rxf3 30. Bd4 a6 31. Kd2 Rg3 32. Bg7+ Ke8 33. Bf6
Rg2 34. Rxg2 Bxg2 35. Be5 Kd7 36. b4 b6 37. Bd4 Kc7 38. Ke3 Kd6 39. Bxb6 e5 40.
a4 Kd5 41. a5 Kd6 42. Bd8 Ke6 43. Bf6 Bd5 44. Kd3 Kf5 45. Ke3 Kg4 46. Be7 Kh3
47. Bf6 e4 48. Be7 Kg4 49. Bf6 Kf5 50. Be7 Bc4 51. Kd4 Bb5 52. Ke3 Ke5 53. Bf6+
Kd5 54. Bd8 Bd3 55. Bb6 Bc4 56. Bd8 Bb3 57. Be7 Ke6 58. Bf6 Bd5 59. Kf4 1/2-1/2

[Event "DLM 2011"]
[Site "Xanten GER"]
[Date "2011.11.01"]
[Round "3"]
[White "Klinge, Alexandra"]
[Black "Wiesner, Paula"]
[Result "0-1"]
[Termination "normal"]
[Board "3.7"]
[WhiteElo "1337"]
[BlackElo "1780"]
[WhiteTeam "Mecklenburg-Vorpommern"]
[BlackTeam "Baden"]
[PlyCount "90"]
[BlackFideId "24654019"]
[EventCountry "GER"]
[EventRounds "7"]
[EventType "team-swiss"]
[EventDate "2011.10.30"]

1. e4 c5 2. Nf3 Nc6 3. Bb5 g6 4. Bxc6 bxc6 5. d3 Bg7 6. Nc3 Nf6 7. O-O O-O 8.
Be3 d6 9. h3 Nd7 10. Rb1 Bb7 11. Re1 e5 12. Ne2 Qc7 13. Ng3 d5 14. h4 f5 15.
Bd2 f4 16. Nf1 Rae8 17. N1h2 Bc8 18. b3 Nb6 19. c4 d4 20. Bc1 Bf6 21. Ba3 Nd7
22. Ng4 Qd8 23. g3 fxg3 24. fxg3 a5 25. Kg2 Bg7 26. Rf1 h5 27. Ngh2 Bh6 28. Qe2
Qb6 29. Bc1 Bxc1 30. Rbxc1 Nf6 31. Ng5 Ng4 32. Rxf8+ Rxf8 33. Nhf3 Ne3+ 34. Kg1
Bg4 35. Qf2 Qd8 36. Qe2 Qd7 37. Kf2 Bxf3 38. Nxf3 Qh3 39. Ke1 Qxg3+ 40. Qf2
Rxf3 41. Qxg3 Rxg3 42. Kf2 Rh3 43. Rg1 Kg7 44. Rg5 Ng4+ 45. Kg2 Rxh4 0-1

[Event "DLM 2011"]
[Site "Xanten GER"]
[Date "2011.11.01"]
[Round "3"]
[White "Steimbach, Isabel"]
[Black "Sadewasser, Lucie"]
[Result "1-0"]
[Termination "normal"]
[Board "3.8"]
[WhiteTitle "Nr9"]
[WhiteElo "1602"]
[BlackElo "1292"]
[WhiteTeam "Baden"]
[BlackTeam "Mecklenburg-Vorpommern"]
[PlyCount "79"]
[WhiteFideId "24692174"]
[BlackFideId "12905445"]
[EventCountry "GER"]
[EventRounds "7"]
[EventType "team-swiss"]
[EventDate "2011.10.30"]

1. e4 e5 2. Nf3 Nc6 3. Bb5 a6 4. Bxc6 dxc6 5. O-O Bg4 6. h3 h5 7. d3 Qf6 8. Nc3
Ne7 9. Re1 Be6 10. Bg5 Qg6 11. Bxe7 Bxe7 12. Nxe5 Qg5 13. Nf3 Qg6 14. Kh1 O-O-O
15. Ne2 c5 16. Nf4 Qf6 17. Nxe6 Qxe6 18. Qd2 f6 19. e5 Qb6 20. c3 g5 21. Nh2 g4
22. exf6 Qxf6 23. Qe3 Bd6 24. Qe6+ Qxe6 25. Rxe6 Bxh2 26. Kxh2 Rxd3 27. Rae1
Kd8 28. R6e3 Rd6 29. hxg4 hxg4+ 30. Kg3 Rg8 31. Re4 Rdg6 32. Rd1+ Kc8 33. Rh1
Rd8 34. Rxg4 Rxg4+ 35. Kxg4 Rd2 36. Kf3 Rxb2 37. g4 Rb6 38. g5 Rg6 39. Kf4 Kd7
40. Rh7+ 1-0